000 00184 a2200097 4500
020 _a8424326830
041 _aspa
100 _aBrenda Clarke
245 _aUn viaje en avion
942 _cK
999 _c28692
_d28692